Statistics for Mest populære navne i DK - Danmark (2021)

Click here to take the quiz!

General Stats

  • This quiz has been taken 446 times
  • The average score is 13 of 30

Answer Stats

Answer% Correct
Jens
79%
Anne
69%
Anna
68%
Jensen
68%
Peter
66%
Hansen
64%
Christian
55%
Søren
54%
Lars
53%
Nielsen
53%
Maria
51%
Pedersen
49%
Mette
41%
Sørensen
39%
Andersen
37%
Christensen
37%
Kirsten
34%
Larsen
34%
Thomas
34%
Henrik
31%
Hanne
30%
Jørgensen
29%
Jan
28%
Martin
28%
Michael
28%
Lene
26%
Helle
23%
Susanne
23%
Rasmussen
20%
Marianne
18%

Score Distribution

Percentile by Number Answered

Percent of People with Each Score

Your Score History

You have not taken this quiz